000 01547nam a2200373 c 4500
003 BLK
005 20240914143414.0
008 180410b bul|||||r ||||||| ||bul||
010 _aKNG00156593000
020 _a978-954-26-1280-3
_bиздат.: Хермес - на том(т. 1)
040 _aBLK
041 _aBUL
_cBUL
072 7 _2bullib
_aН8302
_xФантастика Н
080 _aАмериканска литература (на САЩ)
_b821.111(73)
_x-312.9
_z821.111(73)-312.9
100 1 _aЛу, Мари
_eпърви автор
_9330894
700 _aКостурков, Иван Йорданов
_d1985-
_9383208
139 _aЛу, Мари
_bЛ 85
245 1 0 _aЛегендата
_bРоман : Кн. 1 -
_cМари Лу; прев. от англ. Иван Йорданов Костурков.
_nКн. 1
_pЛегендата
257 _aUSA
260 Пловдив
_c2014 -
_fХасково : Полиграфюг
300 _c20 см
380 _aX
500 _aОриг. загл. Legend / Marie Lu. Кн. 1 от трилогията.
653 _aфантастика
653 _aромани
659 _aН
760 1 _3- на том(т. 1)
_aЛу, Мари
_dХермес, 2014
_h288 с.
_nДоп. тир. 2014.
_tКн. 1 Легендата
852 _aЦб 268072
856 4 _qpdf
_u
856 4 _qpdf
_u
942 _cKNG
_n0
_019
944 _aCR
_c13.02.2014
_lМоника Янева
_k30570
944 _aED
_c31.03.2015
_lф /
_kЛюдмила_Стоянова
999 _c150274
_d150274